MARC

LEADER 00000nam0a2200000 4500
001 216681
005 20231101230046.0
010 |a 9780521547765 
035 |a (RuTPU)RU\TPU\book\236654 
035 |a RU\TPU\book\236061 
090 |a 216681 
100 |a 20120528d2008 m y0engy50 ba 
101 0 |a eng 
102 |a GB 
105 |a a j 000zy 
200 1 |a Study Reading. A course in reading skills for academic purposes  |f E. H. Glendinning, B. Holmström 
205 |a 2-nd ed. 
210 |a Cambridge  |c Cambridge University Press  |d 2008 
215 |a 159 p.  |c il. 
606 1 |a Английский язык  |x Учебные руководства и пособия  |x Учебные руководства и пособия для высшей школы  |2 stltpush  |3 (RuTPU)RU\TPU\subj\29071  |9 52483 
610 1 |a лексика 
610 1 |a грамматика 
610 1 |a разговорная речь 
610 1 |a упражнения 
686 |a Ш143.21-923  |v LBC/SL-A  |2 rubbk 
700 1 |a Glendinning  |b E. H.  |g Eric 
701 1 |a Holmström  |b B.  |g Beverly 
801 1 |a RU  |b 63413507  |c 20120521 
801 2 |a RU  |b 63413507  |c 20150716  |g RCR 
942 |c BK